000 00657nam a2200193 4500
005 20251202162244.0
008 251202b |||||||| |||| 00| 0 eng d
020 _a978-93-5696-855-4
041 _aEng
082 _29th ed.
_aOG 618.1 KON B11910
100 _aKonar, Hiralal
_9215634
245 _aDC Dutta's Textbook of Gynecology
250 _a9th ed. /RP2025
260 _aJaypee Brothers Medical Publishers
_bNew Delhi
_c2024
300 _axxxviii,660p.
_bpb
_c26.5x21cm
365 _aRupaye
_b1395
_cINR
521 _aDC Dutta's Textbook of Gynecology Videos, Animations, Case presentations MCQ and high yield topics for NEET/NEXT
942 _cBK
999 _c369247
_d369247